000
00285nam a2200121Ia 4500
008
190723s9999 xx 000 0 und d
020
_a
978-1-4987-3962-7
100
_a
Steve Hart
245
0
_a
Written English
260
_a
Boca Raton
_b
CRC Press
_c
2016
300
_a
200.:p
942
_c
BK
999
_c
1714
_d
1714